General Knowledge Quiz 202 - Statistics

General Stats
  • This quiz has been taken 63 times
  • The average score is 7 of 12
Answer Stats
Hint Answer % Correct
What sport can be played on grass, clay, or hard courts? Tennis
89%
What word can follow Lincoln, Oxford, and York, to form the names of English counties? Shire
87%
What country is the yeast extract spread Vegemite from? Australia
83%
What peninsula is Yemen in? Arabian Peninsula
70%
What is 'Systolic pressure over diastolic pressure' more commonly known as? Blood pressure
64%
What type of animal is the Platypus? Mammal
64%
What word can mean a sweater, a Channel island, or a type of cattle? Jersey
60%
What type of insects are in the Formicidae family? Ants
58%
Which country grows the most tomatoes? China
53%
What political position is third in line to the US presidency? Speaker of the House
49%
With about 400,000 members, what type of organization is the UAW? Union
32%
What do Rastas call their god? Jah
21%
No matching quizzes found
Score Distribution
Percent of People with Each Score
Percentile by Number Answered
Your Score History
You have not taken this quiz